Sports Quiz

Random Sports or College Quiz

Manning Award Winners Quiz Stats

 Plays Quiz not verified by Sporcle

Support Sporcle.
Go Orange.
Score 0/17 Timer 08:00
0 Plays Today
Year Answer % Correct
2018Kyler Murray
100%
2019Joe Burrow
100%
2005Vince Young
91.7%
2004Matt Leinart
87.5%
2008Tim Tebow
87.5%
2014Marcus Mariota
83.3%
2007Matt Ryan
79.2%
2010Cam Newton
79.2%
2013Jameis Winston
79.2%
Year Answer % Correct
2015Deshaun Watson
79.2%
2009Colt McCoy
75%
2016Deshaun Watson
75%
2017Baker Mayfield
75%
2012Johnny Manziel
70.8%
2006JaMarcus Russell
66.7%
2011Robert Griffin III
50%
2020Mac Jones
0%

You're not logged in!

Compare scores with friends on all Sporcle quizzes.
OR
Log In

From the Vault

Broadway Musicals Before and After Intermission

by El_Dandy

For those who enjoy intermission as much as the show.
Remove Ads.
Support Sporcle.
Get the best of Sporcle when you Go Orange. This ad-free experience offers more features, more stats, and more fun while also helping to support Sporcle. Thank you for becoming a member.

Show Comments

Extras

Top Quizzes Today


Score Distribution

Your Account Isn't Verified!

In order to create a playlist on Sporcle, you need to verify the email address you used during registration. Go to your Sporcle Settings to finish the process.

Report this User

Report this user for behavior that violates our Community Guidelines.

Details: